[Event "Eger Agria op"]
[Site "Eger"]
[Date "2009.07.23"]
[Round "2"]
[White "Szell, Lajos"]
[Black "Meszaros, Andras"]
[Result "1-0"]
[WhiteElo "2165"]
[BlackElo "2323"]
[PlyCount "92"]
[EventDate "2009.07.22"]
[EventType "swiss"]
[EventRounds "7"]
[EventCountry "HUN"]
[SourceTitle "EXT 2011"]
[Source "ChessBase"]
[SourceDate "2010.11.26"]
[SourceVersion "1"]
[SourceVersionDate "2010.11.26"]
[SourceQuality "1"]

1. e4 c5 2. Nc3 e6 3. f4 a6 4. Nf3 d5 5. d3 b5 6. Qe2 Nf6 7. g3 Be7 8. Bd2 Bb7 9. e5 b4 10. Nd1 Ne4 11. Be3 d4 12. Bc1 f5 13. Bg2 Qb6 14. dxe4 fxe4 15. Ng5 Bxg5 16. fxg5 e3 17. Bxb7 Qxb7 18. 0-0 Nd7 19. Nxe3 dxe3 20. Bxe3 Rf8 21. Qc4 Qc6 22. Rxf8+ Kxf8 23. Rd1 Re8 24. Rd6 Qf3 25. Qf4+ Qxf4 26. gxf4 Ke7 27. Rxa6 h6 28. gxh6 gxh6 29. Ra7 Rc8 30. Kf2 Rc6 31. Kf3 h5 32. a4 bxa3 33. bxa3 Kd8 34. Ke4 Nb6 35. f5 exf5+ 36. Kxf5 Nc4 37. Bg5+ Kc8 38. Ra4 Nb6 39. Rh4 c4 40. Rxh5 Nd7 41. Rh8+ Kc7 42. e6 Rc5+ 43. Kf4 Ne5 44. e7 Ng6+ 45. Kg4 Ne5+ 46. Kg3 Nf7 1-0

[Event "Ajka Borostyan Cup"]
[Site "Ajka"]
[Date "2009.07.19"]
[Round "9"]
[White "Szell, Lajos"]
[Black "Kaposztas, Miklos"]
[Result "0-1"]
[WhiteElo "2165"]
[BlackElo "2242"]
[PlyCount "24"]
[EventDate "2009.07.11"]
[EventType "swiss"]
[EventRounds "9"]
[EventCountry "HUN"]
[SourceTitle "EXT 2011"]
[Source "ChessBase"]
[SourceDate "2010.11.26"]
[SourceVersion "1"]
[SourceVersionDate "2010.11.26"]
[SourceQuality "1"]

1. e4 e6 2. d4 d5 3. Nd2 dxe4 4. Nxe4 Nd7 5. Nf3 Ngf6 6. Nxf6+ Nxf6 7. Ne5 Be7 8. Bf4 0-0 9. Qd2 c5 10. 0-0-0 cxd4 11. f3 Nd5 12. Qxd4 Nxf4 0-1

[Event "Ajka Borostyan Cup"]
[Site "Ajka"]
[Date "2009.07.15"]
[Round "5"]
[White "Finy, Mark"]
[Black "Szell, Lajos"]
[Result "0-1"]
[WhiteElo "1881"]
[BlackElo "2165"]
[PlyCount "98"]
[EventDate "2009.07.11"]
[EventType "swiss"]
[EventRounds "9"]
[EventCountry "HUN"]
[SourceTitle "EXT 2011"]
[Source "ChessBase"]
[SourceDate "2010.11.26"]
[SourceVersion "1"]
[SourceVersionDate "2010.11.26"]
[SourceQuality "1"]

1. d4 Nf6 2. c4 g6 3. Nc3 Bg7 4. e4 d6 5. Nf3 0-0 6. Be2 c5 7. d5 b5 8. cxb5 a6 9. Qc2 axb5 10. Bxb5 Qa5 11. Nd2 Ba6 12. Nc4 Qc7 13. Bxa6 Rxa6 14. 0-0 Nbd7 15. a3 Ng4 16. h3 Nge5 17. Nxe5 Nxe5 18. f4 Nd7 19. Bd2 Qb6 20. Kh1 Rb8 21. Rfb1 Qb3 22. Qxb3 Rxb3 23. Ra2 Nb6 24. Kh2 Na4 25. Nd1 Bd4 26. Kh1 f5 27. exf5 gxf5 28. Be1 Nb6 29. Raa1 Nxd5 30. Nc3 Bxc3 31. Bxc3 Nxc3 32. bxc3 Rxb1+ 33. Rxb1 Rxa3 34. Rc1 c4 35. Kh2 Kf7 36. Kg3 e5 37. fxe5 dxe5 38. Kf3 Ke6 39. Ke3 Ra2 40. g3 Rh2 41. h4 Rg2 42. Kf3 Rd2 43. Ke3 Rd3+ 44. Kf2 e4 45. Kg2 h5 46. Kf2 Ke5 47. Kg2 Rd2+ 48. Kh3 e3 49. g4 hxg4+ 0-1

[Event "Ajka Borostyan Cup"]
[Site "Ajka"]
[Date "2009.07.11"]
[Round "1"]
[White "Kaufmann, Peter"]
[Black "Szell, Lajos"]
[Result "1-0"]
[WhiteElo "1552"]
[BlackElo "2165"]
[PlyCount "81"]
[EventDate "2009.07.11"]
[EventType "swiss"]
[EventRounds "9"]
[EventCountry "HUN"]
[SourceTitle "EXT 2011"]
[Source "ChessBase"]
[SourceDate "2010.11.26"]
[SourceVersion "1"]
[SourceVersionDate "2010.11.26"]
[SourceQuality "1"]

1. e4 e5 2. Nf3 Nc6 3. d4 exd4 4. Nxd4 Nf6 5. Nxc6 bxc6 6. e5 Qe7 7. Qe2 Nd5 8. c4 Qb4+ 9. Nd2 Nf4 10. Qe4 Ne6 11. b3 Bb7 12. Qc2 c5 13. Bb2 Be7 14. f3 Nd4 15. Bxd4 cxd4 16. Bd3 Qa5 17. 0-0 0-0-0 18. f4 f6 19. exf6 gxf6 20. Be4 d5 21. cxd5 Bxd5 22. Bxd5 Qxd5 23. Rac1 Rd7 24. Qd3 Bb4 25. Qa6+ Qb7 26. Qxf6 Rf8 27. Qh6 Re8 28. Nc4 Re2 29. Qh3 Kd8 30. Ne5 Rd5 31. Nc6+ Ke8 32. Qf3 Qb5 33. Nxb4 Rd7 34. Qxe2+ Qxe2 35. Rce1 Re7 36. Rxe2 Rxe2 37. f5 c5 38. Nd3 Rc2 39. f6 c4 40. f7+ Kf8 41. Ne5 1-0

[Event "HUN-ch Seniors"]
[Site "Ajka"]
[Date "2009.06.28"]
[Round "9"]
[White "Szell, Lajos"]
[Black "Kadar, Gabor"]
[Result "1/2-1/2"]
[WhiteElo "2135"]
[BlackElo "2203"]
[PlyCount "52"]
[EventDate "2009.06.22"]
[EventType "swiss"]
[EventRounds "9"]
[EventCountry "HUN"]
[SourceTitle "EXT 2011"]
[Source "ChessBase"]
[SourceDate "2010.11.26"]
[SourceVersion "1"]
[SourceVersionDate "2010.11.26"]
[SourceQuality "1"]

1. e4 c5 2. Nc3 Nc6 3. Bb5 g6 4. Bxc6 bxc6 5. d3 Bg7 6. f4 d5 7. Nf3 Bxc3+ 8. bxc3 dxe4 9. dxe4 Qxd1+ 10. Kxd1 Nf6 11. e5 Nd5 12. c4 Nb6 13. Be3 Nxc4 14. Bxc5 Bf5 15. Kc1 Rb8 16. Rb1 Rxb1+ 17. Kxb1 0-0 18. Bxe7 Rb8+ 19. Ka1 Ne3 20. Nd4 Nxc2+ 21. Nxc2 Bxc2 22. g3 Be4 23. Rd1 Bd5 24. Rb1 Rxb1+ 25. Kxb1 a5 26. Kb2 a4 1/2-1/2

[Event "HUN-chT2 Maroczy 0809"]
[Site "Hungary"]
[Date "2009.04.05"]
[Round "10"]
[White "Szell, Lajos"]
[Black "Bencze, Laszlo"]
[Result "1-0"]
[WhiteElo "2173"]
[BlackElo "2292"]
[PlyCount "77"]
[EventDate "2008.10.26"]
[EventType "team-tourn"]
[EventRounds "11"]
[EventCountry "HUN"]
[SourceTitle "EXT 2010"]
[Source "ChessBase"]
[SourceDate "2010.11.25"]
[SourceVersion "1"]
[SourceVersionDate "2010.11.25"]
[SourceQuality "1"]
[WhiteTeam "MLTC II"]
[BlackTeam "Dunaharaszti"]
[WhiteTeamCountry "HUN"]
[BlackTeamCountry "HUN"]

1. e4 e6 2. d4 d5 3. Nd2 Nf6 4. e5 Nfd7 5. Bd3 c5 6. c3 Nc6 7. Ne2 Rb8 8. Nf3 b5 9. Nf4 Be7 10. h4 g6 11. Be3 b4 12. Ng5 Qb6 13. 0-0 Ba6 14. Bxa6 Qxa6 15. Qg4 h5 16. Qg3 Bxg5 17. Qxg5 cxd4 18. cxd4 Ne7 19. f3 Qb6 20. Rfd1 Nf5 21. Bf2 Qd8 22. Qxd8+ Kxd8 23. Rac1 Nb6 24. Nd3 Nd7 25. Rc6 Ne7 26. Ra6 Nc8 27. b3 Rb5 28. Rc6 Ne7 29. Rc2 a5 30. Rdc1 Rb8 31. Be3 Nb6 32. Bg5 Ke8 33. Bxe7 Kxe7 34. Rc7+ Kf8 35. Ra7 Nc8 36. Rxa5 Ne7 37. Rc7 Nf5 38. Raa7 Rh7 39. Nc5 1-0

[Event "HUN-chT2 Maroczy 0809"]
[Site "Hungary"]
[Date "2009.01.11"]
[Round "5"]
[White "Szell, Lajos"]
[Black "Lembak, Jurij"]
[Result "0-1"]
[WhiteElo "2173"]
[BlackElo "2249"]
[PlyCount "58"]
[EventDate "2008.10.26"]
[EventType "team-tourn"]
[EventRounds "11"]
[EventCountry "HUN"]
[SourceTitle "EXT 2010"]
[Source "ChessBase"]
[SourceDate "2010.11.25"]
[SourceVersion "1"]
[SourceVersionDate "2010.11.25"]
[SourceQuality "1"]
[WhiteTeam "MLTC II"]
[BlackTeam "Munkacs"]
[WhiteTeamCountry "HUN"]
[BlackTeamCountry "HUN"]

1. e4 e6 2. d4 d5 3. Nd2 dxe4 4. Nxe4 Bd7 5. Nf3 Bc6 6. Bd3 Nd7 7. 0-0 Be7 8. Qe2 Ngf6 9. Bg5 0-0 10. Nxf6+ Bxf6 11. Bxf6 Nxf6 12. Rad1 Bxf3 13. Qxf3 c6 14. c3 Qb6 15. Rd2 Rad8 16. g4 Qa5 17. h4 Qxa2 18. g5 Qd5 19. Qe2 Nd7 20. Be4 Qd6 21. Qh5 f5 22. Bg2 Ne5 23. Qe2 Ng6 24. h5 Nf4 25. Qf3 e5 26. Qd1 Qe7 27. g6 Qg5 28. gxh7+ Kxh7 29. Qf3 Nxg2 0-1

[Event "Eger Osz op"]
[Site "Eger"]
[Date "2008.10.24"]
[Round "5"]
[White "Szell, Lajos"]
[Black "Hotzi, Gyorgy"]
[Result "0-1"]
[WhiteElo "2173"]
[BlackElo "2052"]
[PlyCount "114"]
[EventDate "2008.10.22"]
[EventType "swiss"]
[EventRounds "7"]
[EventCountry "HUN"]
[SourceTitle "EXT 2011"]
[Source "ChessBase"]
[SourceDate "2010.11.26"]
[SourceVersion "1"]
[SourceVersionDate "2010.11.26"]
[SourceQuality "1"]

1. e4 e5 2. d4 exd4 3. Nf3 Nc6 4. Bc4 d6 5. Nxd4 Nxd4 6. Qxd4 Qf6 7. Qe3 Be6 8. Be2 Ne7 9. Nc3 c6 10. 0-0 g6 11. Qg3 Nc8 12. f4 Nb6 13. Kh1 Be7 14. a4 a5 15. b3 Qh4 16. Qe3 Nc8 17. f5 Bd7 18. f6 Bd8 19. Rf4 Qg5 20. Bb2 Bb6 21. Qf3 Qc5 22. Qg3 h5 23. Bc4 g5 24. Rff1 h4 25. Qd3 Qe3 26. Ne2 Qxd3 27. Bxd3 Be6 28. Nd4 Bxd4 29. Bxd4 Kd7 30. e5 d5 31. Bf5 Rg8 32. g4 hxg3 33. hxg3 b6 34. g4 c5 35. Bb2 Na7 36. Kg2 Nc6 37. Rae1 Rh8 38. Bc1 Rag8 39. Bxe6+ Kxe6 40. Rf5 Rh4 41. Kg3 Rgh8 42. Bxg5 Rh3+ 43. Kf2 Rh2+ 44. Ke3 Rxc2 45. Rf3 Nd4 46. Rg3 Rc3+ 47. Kf4 Rc2 48. Rd3 Rhh2 49. Rf1 Ne2+ 50. Ke3 Rh3+ 51. Rf3 Rxf3+ 52. Kxf3 Nd4+ 53. Kg3 Rb2 54. Rd1 Rxb3+ 55. Kh4 Nf3+ 56. Kh5 Nxe5 57. Bf4 Rh3+ 0-1

[Event "HUN-ch Seniors"]
[Site "Ajka"]
[Date "2008.06.27"]
[Round "6"]
[White "Krizsany, Laszlo Sr"]
[Black "Szell, Lajos"]
[Result "1/2-1/2"]
[WhiteElo "2259"]
[BlackElo "2242"]
[PlyCount "21"]
[EventDate "2008.06.23"]
[EventType "swiss"]
[EventRounds "9"]
[EventCountry "HUN"]
[SourceTitle "EXT 2011"]
[Source "ChessBase"]
[SourceDate "2010.11.26"]
[SourceVersion "1"]
[SourceVersionDate "2010.11.26"]
[SourceQuality "1"]

1. d4 Nf6 2. Nf3 g6 3. e3 Bg7 4. c4 c5 5. Nc3 0-0 6. Be2 d6 7. 0-0 Nc6 8. b3 Bf5 9. Bb2 Ne4 10. Nxe4 Bxe4 11. Qd2 1/2-1/2

[Event "HUN-ch Seniors"]
[Site "Ajka"]
[Date "2008.06.25"]
[Round "3"]
[White "Szell, Lajos"]
[Black "Papp, Karoly"]
[Result "1/2-1/2"]
[WhiteElo "2242"]
[BlackElo "1904"]
[PlyCount "68"]
[EventDate "2008.06.23"]
[EventType "swiss"]
[EventRounds "9"]
[EventCountry "HUN"]
[SourceTitle "EXT 2011"]
[Source "ChessBase"]
[SourceDate "2010.11.26"]
[SourceVersion "1"]
[SourceVersionDate "2010.11.26"]
[SourceQuality "1"]

1. e4 c5 2. Nc3 e6 3. f4 a6 4. Nf3 b5 5. d4 cxd4 6. Nxd4 Bb7 7. Bd3 Nc6 8. Nb3 Qb6 9. a3 Nd4 10. Nxd4 Qxd4 11. Qe2 Bc5 12. Bd2 Qd6 13. Be3 Rc8 14. 0-0 Bxe3+ 15. Qxe3 Qc5 16. Rae1 Ne7 17. e5 Qxe3+ 18. Rxe3 Nd5 19. Nxd5 Bxd5 20. a4 Bc4 21. Rd1 Bxd3 22. Rexd3 Rxc2 23. Rxd7 0-0 24. a5 Rxb2 25. R1d6 h5 26. Rc7 Ra2 27. Rxa6 Rd8 28. Rd6 Ra8 29. Rdd7 Rf8 30. Ra7 Rc8 31. Rac7 Rxc7 32. Rxc7 Rxa5 33. Rb7 Ra4 34. g3 Rb4 1/2-1/2

[Event "HUN-chT2 Erkel 0708"]
[Site "Hungary"]
[Date "2008.03.30"]
[Round "9"]
[White "Szell, Lajos"]
[Black "Nagyajtai, Gabor"]
[Result "1/2-1/2"]
[WhiteElo "2251"]
[BlackElo "2204"]
[PlyCount "40"]
[EventDate "2007.10.14"]
[EventType "team"]
[EventRounds "11"]
[EventCountry "HUN"]
[SourceTitle "EXT 2009"]
[Source "ChessBase"]
[SourceDate "2008.11.26"]
[SourceVersion "1"]
[SourceVersionDate "2008.11.26"]
[SourceQuality "1"]
[WhiteTeam "Statisztika II"]
[BlackTeam "Godollo"]
[WhiteTeamCountry "HUN"]
[BlackTeamCountry "HUN"]

1. e4 c5 2. Nf3 d6 3. d4 cxd4 4. Qxd4 a6 5. c4 Nc6 6. Qd2 g6 7. Nc3 Bh6 8. Qd1 Bxc1 9. Rxc1 Nf6 10. Be2 0-0 11. 0-0 Bg4 12. Qd2 Qa5 13. Rfe1 Bxf3 14. Bxf3 Rac8 15. Be2 Ne5 16. b3 b5 17. cxb5 axb5 18. Qd4 Nc6 19. Qe3 b4 20. Na4 Nd7 1/2-1/2

[Event "Eger Tel op"]
[Site "Eger"]
[Date "2008.01.25"]
[Round "2"]
[White "Szell, Lajos"]
[Black "Toth, Daniel"]
[Result "1/2-1/2"]
[WhiteElo "2300"]
[BlackElo "2077"]
[PlyCount "61"]
[EventDate "2008.01.24"]
[EventType "swiss"]
[EventRounds "7"]
[EventCountry "HUN"]
[SourceTitle "EXT 2011"]
[Source "ChessBase"]
[SourceDate "2010.11.26"]
[SourceVersion "1"]
[SourceVersionDate "2010.11.26"]
[SourceQuality "1"]

1. e4 b6 2. Nc3 Bb7 3. Nf3 e6 4. d4 Bb4 5. Bd3 Nf6 6. Qe2 d5 7. exd5 Nxd5 8. Bd2 Nd7 9. 0-0 Nxc3 10. bxc3 Be7 11. Bf4 h6 12. Ne5 Nxe5 13. Bxe5 Bf6 14. f4 0-0 15. Qg4 Bxe5 16. fxe5 Qg5 17. Qxg5 hxg5 18. Kf2 Rac8 19. Ke3 f5 20. g3 Kf7 21. Rad1 Ke7 22. Rf2 Rh8 23. a3 Rh3 24. Bf1 f4+ 25. Ke2 f3+ 26. Ke3 Rh6 27. c4 Rf8 28. Bd3 g4 29. Be4 Bxe4 30. Kxe4 c6 31. c3 1/2-1/2

[Event "HUN-chT2 Breyer 0607"]
[Site "Hungary"]
[Date "2007.05.20"]
[Round "11"]
[White "Szell, Lajos"]
[Black "Burghardt, Jozsef"]
[Result "1-0"]
[WhiteElo "2241"]
[BlackElo "2183"]
[PlyCount "120"]
[EventDate "2006.11.12"]
[EventType "team"]
[EventRounds "11"]
[EventCountry "HUN"]
[SourceTitle "EXT 2008"]
[Source "ChessBase"]
[SourceDate "2007.11.25"]
[SourceVersion "1"]
[SourceVersionDate "2007.11.25"]
[SourceQuality "1"]
[WhiteTeam "Stat PSC II"]
[BlackTeam "Esztergom"]
[WhiteTeamCountry "HUN"]
[BlackTeamCountry "HUN"]

1. e4 c5 2. Nc3 Nc6 3. Bb5 Nd4 4. Bc4 e6 5. Nf3 d6 6. d3 g6 7. Nxd4 cxd4 8. Ne2 Bg7 9. f4 Ne7 10. Ng1 Qb6 11. Nf3 0-0 12. 0-0 Bd7 13. Qe1 Bc6 14. Bb3 Bb5 15. Qh4 Rad8 16. a4 Bd7 17. f5 gxf5 18. Ng5 h6 19. Nh3 Kh7 20. Qh5 d5 21. exf5 exf5 22. Nf4 Be6 23. Bd2 Qd6 24. Rae1 Ng8 25. Qf3 Nf6 26. h3 b6 27. Ne2 Ng8 28. Ng3 Ne7 29. Bf4 Qd7 30. Nh5 Bh8 31. Be5 Bxe5 32. Rxe5 f6 33. Re2 Ng6 34. Nf4 Nxf4 35. Qxf4 Rg8 36. Qxd4 Rg6 37. Qf4 Rdg8 38. Rff2 Qc6 39. d4 Rg3 40. c3 Rxh3 41. Bc2 Rh5 42. Rxe6 Qxe6 43. Bxf5+ Rxf5 44. Qxf5+ Qxf5 45. Rxf5 Rd8 46. Rxf6 Kg7 47. Re6 Rd7 48. Kf2 Rf7+ 49. Ke2 Rf6 50. Rxf6 Kxf6 51. Kd3 Ke6 52. c4 a5 53. g4 Kd6 54. cxd5 Kxd5 55. b3 Kd6 56. Kc4 Kc6 57. d5+ Kc7 58. Kd4 Kd6 59. Ke4 Kd7 60. Ke5 Ke7 1-0

[Event "HUN-chT2 Breyer 0607"]
[Site "Hungary"]
[Date "2006.12.03"]
[Round "3"]
[White "Kovacs, Elod"]
[Black "Szell, Lajos"]
[Result "1/2-1/2"]
[WhiteElo "2257"]
[BlackElo "2241"]
[PlyCount "35"]
[EventDate "2006.11.12"]
[EventType "team"]
[EventRounds "11"]
[EventCountry "HUN"]
[SourceTitle "EXT 2008"]
[Source "ChessBase"]
[SourceDate "2007.11.25"]
[SourceVersion "1"]
[SourceVersionDate "2007.11.25"]
[SourceQuality "1"]
[WhiteTeam "Balatonfuered"]
[BlackTeam "Stat PSC II"]
[WhiteTeamCountry "HUN"]
[BlackTeamCountry "HUN"]

1. d4 f5 2. g3 Nf6 3. Bg2 g6 4. Nf3 Bg7 5. 0-0 0-0 6. c4 d6 7. Nc3 Qe8 8. d5 Na6 9. Rb1 c6 10. dxc6 bxc6 11. b4 Bd7 12. a3 Nc7 13. Bb2 Rb8 14. Qa4 Ne6 15. Nd2 f4 16. Qxa7 Ra8 17. Qb6 Rb8 18. Qa7 1/2-1/2

[Event "HUN-chT2 Erkel 0506"]
[Site "Hungary"]
[Date "2006.04.23"]
[Round "11"]
[White "Szell, Lajos"]
[Black "Kiss, Ferenc"]
[Result "1-0"]
[WhiteElo "2213"]
[BlackElo "2134"]
[PlyCount "45"]
[EventDate "2005.10.16"]
[EventType "team"]
[EventRounds "11"]
[EventCountry "HUN"]
[SourceTitle "EXT 2009"]
[Source "ChessBase"]
[SourceDate "2008.11.26"]
[SourceVersion "1"]
[SourceVersionDate "2008.11.26"]
[SourceQuality "1"]
[WhiteTeam "Stat PSC II"]
[BlackTeam "Dunaharaszti II"]
[WhiteTeamCountry "HUN"]
[BlackTeamCountry "HUN"]

1. e4 c5 2. Nc3 Nc6 3. f4 d6 4. Nf3 Bg4 5. Bb5 a6 6. Bxc6+ bxc6 7. d3 Qb6 8. b3 e6 9. Be3 Qa5 10. Bd2 Qc7 11. 0-0 f6 12. Na4 Be7 13. Qe1 Bd8 14. Be3 Be7 15. Qg3 f5 16. e5 Bxf3 17. Qxg7 dxe5 18. Qxh8 0-0-0 19. Qxe5 Rd6 20. Bxc5 Bf6 21. Qxd6 Qxd6 22. Bxd6 Bxa1 23. Rxa1 1-0

[Event "HUN-chT2 Erkel 0506"]
[Site "Hungary"]
[Date "2006.04.09"]
[Round "10"]
[White "Kovacs, Gyorgy"]
[Black "Szell, Lajos"]
[Result "1/2-1/2"]
[WhiteElo "2144"]
[BlackElo "2213"]
[PlyCount "146"]
[EventDate "2005.10.16"]
[EventType "team"]
[EventRounds "11"]
[EventCountry "HUN"]
[SourceTitle "EXT 2009"]
[Source "ChessBase"]
[SourceDate "2008.11.26"]
[SourceVersion "1"]
[SourceVersionDate "2008.11.26"]
[SourceQuality "1"]
[WhiteTeam "Godollo"]
[BlackTeam "Stat PSC II"]
[WhiteTeamCountry "HUN"]
[BlackTeamCountry "HUN"]

1. d4 Nf6 2. Nf3 g6 3. Nc3 d5 4. Bf4 Bg7 5. Qd2 0-0 6. Bh6 c5 7. Bxg7 Kxg7 8. dxc5 Qa5 9. 0-0-0 Qxc5 10. e3 Nc6 11. Nd4 Nxd4 12. exd4 Qa5 13. f3 b5 14. Kb1 b4 15. Ne2 Rb8 16. Nc1 Qc7 17. h4 Bd7 18. g4 h5 19. g5 Ne8 20. Nd3 Bf5 21. Bh3 Bxd3 22. cxd3 Qd6 23. f4 e6 24. Rc1 Nc7 25. Qe3 Nb5 26. Rc5 Rfc8 27. Rhc1 Rxc5 28. dxc5 d4 29. Qe5+ Qxe5 30. fxe5 Kf8 31. Bg2 Ke7 32. c6 Kd8 33. Rf1 Ke7 34. Rc1 Kd8 35. c7+ Nxc7 36. Rc4 a5 37. Rxd4+ Ke7 38. Bc6 Nd5 39. Bxd5 Rd8 40. Kc2 exd5 41. Kb3 Ke6 42. Rf4 Kxe5 43. Rxf7 Kd4 44. Kc2 Ke3 45. Re7+ Kf4 46. Re6 Rg8 47. Rd6 Kg4 48. Rxd5 Kxh4 49. Rxa5 Kg3 50. Rb5 h4 51. Rxb4 h3 52. Re4 h2 53. Re1 Kf2 54. Rh1 Kg2 55. Rd1 h1Q 56. Rxh1 Kxh1 57. b4 Kg2 58. Kc3 Ra8 59. Kb3 Kf3 60. a4 Ke3 61. b5 Kd4 62. Kb4 Kd5 63. a5 Kd6 64. a6 Kc7 65. Kc5 Rf8 66. b6+ Kb8 67. d4 Rf1 68. d5 Rc1+ 69. Kd6 Ra1 70. Ke7 Rxa6 71. d6 Ra1 72. d7 Re1+ 73. Kf7 Rd1 1/2-1/2